[Event "Regionalliga SW 0001"]
[Site "Bayern"]
[Date "2000.12.10"]
[Round "3.8"]
[White "Celepsoy, Korel"]
[Black "Mueller, Carsten"]
[Result "1-0"]
[WhiteElo "1740"]
[BlackElo "1671"]
[PlyCount "95"]
[EventDate "2000.10.15"]
[EventType "team-tourn"]
[EventRounds "9"]
[EventCountry "GER"]
[SourceTitle "EXT 2020"]
[Source "ChessBase"]
[SourceDate "2019.10.17"]
[SourceVersion "1"]
[SourceVersionDate "2019.10.17"]
[SourceQuality "1"]
[WhiteTeam "Pasing II"]
[BlackTeam "Garching"]
[WhiteTeamCountry "GER"]
[BlackTeamCountry "GER"]

1. e4 g6 2. d4 Bg7 3. Nc3 c6 4. Be3 d5 5. f3 e6 6. Qd2 f6 7. 0-0-0 Nd7 8. exd5 exd5 9. Re1 Kf7 10. Bd3 b5 11. h4 Nb6 12. h5 Ne7 13. Bh6 g5 14. Bxg7 Kxg7 15. f4 h6 16. fxg5 hxg5 17. h6+ Rxh6 18. Rxh6 Kxh6 19. Nf3 Bf5 20. Bxf5 Nxf5 21. Rh1+ Kg7 22. g4 Nd6 23. Rh5 Nd7 24. Qh2 Nf8 25. Ne2 Qe7 26. Nd2 Re8 27. Kd1 Qe6 28. Qg2 Ng6 29. Rh1 Qe3 30. Qh2 Nh4 31. Rf1 Re6 32. Ng3 Nc4 33. Nxc4 dxc4 34. Qf2 Qxf2 35. Rxf2 Ng6 36. Nf5+ Kf7 37. Rh2 Nf8 38. Kd2 Re8 39. Nd6+ Ke7 40. Nxe8 Kxe8 41. Ke3 Kf7 42. c3 Ke6 43. Rh8 Ke7 44. Ke4 a5 45. Kf5 b4 46. Rxf8 Kxf8 47. Kxf6 a4 48. a3 1-0